Ibn al-Kīzānī al-shāʻir al-ṣūfī. (Record no. 50506)

MARC details
000 -LEADER
fixed length control field 00729cam a22002411 4500
001 - CONTROL NUMBER
control field ne 68002370
003 - CONTROL NUMBER IDENTIFIER
control field DLC
005 - DATE AND TIME OF LATEST TRANSACTION
control field 20260227111843.0
008 - FIXED-LENGTH DATA ELEMENTS--GENERAL INFORMATION
fixed length control field 811109s1966 ua b 000 0 egyr
010 ## - LIBRARY OF CONGRESS CONTROL NUMBER
LC control number ne 68002370
025 ## - OVERSEAS ACQUISITION NUMBER
Overseas acquisition number PL480:UAR-8779
035 ## - SYSTEM CONTROL NUMBER
System control number (OCoLC)7917898
040 ## - CATALOGING SOURCE
Original cataloging agency DLC
Transcribing agency MnM
Modifying agency DLC
042 ## - AUTHENTICATION CODE
Authentication code premarc
050 00 - LIBRARY OF CONGRESS CALL NUMBER
Classification number PJ7832.I2
Item number Z69
100 1# - MAIN ENTRY--PERSONAL NAME
Personal name Ḥusayn, ʻAli Ṣāfī.
245 10 - TITLE STATEMENT
Title Ibn al-Kīzānī al-shāʻir al-ṣūfī.
Statement of responsibility, etc. ʻAlī Ṣāfī Ḥusayn.
260 ## - PUBLICATION, DISTRIBUTION, ETC.
Place of publication, distribution, etc. [Cairo]
Name of publisher, distributor, etc. Dār al-Maʻārif
Date of publication, distribution, etc. [1966]
300 ## - PHYSICAL DESCRIPTION
Extent 143 p.
Dimensions 24 cm.
440 #0 - SERIES STATEMENT/ADDED ENTRY--TITLE
Title Maktabat al-dirāsāt al-adabīyah,
Volume/sequential designation 39
504 ## - BIBLIOGRAPHY, ETC. NOTE
Bibliography, etc. note Bibliography: p. 138-139.
600 20 - SUBJECT ADDED ENTRY--PERSONAL NAME
Personal name Ibn al-Kīzānī, Muḥammad ibn Ibrāhīm,
Dates associated with a name -1166.

No items available.

Powered by Koha